| 000 | 01603cam a2200301 i 4500 | ||
|---|---|---|---|
| 003 | SA-RiAUC | ||
| 005 | 20250909052931.0 | ||
| 008 | 250909s1971 ua g 00000 ara c | ||
| 040 |
_aSA-MaMIU _bara _cSA-RiAUC _erda |
||
| 082 | 0 | 4 | _a235.2 |
| 090 |
_a235.2 _bع ب ا |
||
| 100 | 1 |
_aالعباد، عبد المحسن بن حمد بن عبد المحسن، _d1352 هجري- _eمؤلف. |
|
| 245 | 1 | 0 |
_aعشرون حديثا من صحيح مسلم : _bدراسة أسانيدها وشرح متونها / _cتأليف عبد المحسن بن حمد العباد. |
| 246 | 3 |
_a20 حديثا من صحيح مسلم : _bدراسة أسانيدها وشرح متونها |
|
| 250 | _aالطبعة الأولى. | ||
| 264 | 1 |
_aالقاهرة : _bالمطبعة السلفية ومكتبتها، _c[1971] |
|
| 300 |
_a240 صفحة ؛ _c23 × 15 سم |
||
| 336 |
_aنص _btxt _2rdacontent _3كتاب |
||
| 337 |
_aبدون وسيط _bn _2rdamedia |
||
| 338 |
_aمجلد _bnc _2rdacarrier |
||
| 650 | 7 |
_aصحيح مسلم _2aucsh |
|
| 650 | 7 |
_aالحديث _xشرح _2aucsh |
|
| 700 | 1 | 2 |
_aالإمام مسلم، مسلم بن الحجاج بن مسلم، _d204-261 هجري |
| 740 | 0 | 2 | _aصحيح مسلم، المسمى، المسند الصحيح المختصر من السنن بنقل العدل عن العدل عن رسول الله صلى الله عليه وسلم. |
| 740 | 2 | 2 | _aالمسند الصحيح المختصر من السنن بنقل العدل عن العدل عن رسول الله صلى الله عليه وسلم. |
| 942 |
_2ddc _cBOOK |
||
| 949 |
_aSA-JeALM _d250909 _ukhaled123 _n1 |
||
| 999 |
_c11502 _d11502 |
||